[Event "Olympiad Women-44"]
[Site "Chennai"]
[Date "2022.08.08"]
[Round "10.2"]
[White "De Rycke, Tyani"]
[Black "Reyes Jara, Paula"]
[Result "1/2-1/2"]
[WhiteElo "1994"]
[BlackElo "1858"]
[PlyCount "62"]
[EventDate "2022.07.29"]
[EventType "team-swiss"]
[EventRounds "11"]
[EventCountry "IND"]
[SourceTitle "CBM 210"]
[Source "ChessBase"]
[SourceDate "2022.10.31"]
[SourceVersion "1"]
[SourceVersionDate "2022.10.31"]
[SourceQuality "1"]
[WhiteTeam "Belgium (W)"]
[BlackTeam "Chile (W)"]
[WhiteTeamCountry "BEL"]
[BlackTeamCountry "CHI"]

1. e4 e5 2. Nf3 Nc6 3. Bc4 Bc5 4. d3 Nf6 5. Be3 Bb6 6. Nc3 d6 7. a4 Bg4 8. h3 Be6 9. Nd5 Bxe3 10. fxe3 0-0 11. 0-0 Bxd5 12. Bxd5 Nxd5 13. exd5 Ne7 14. c4 a5 15. d4 exd4 16. Qxd4 Ng6 17. h4 Qe7 18. h5 Ne5 19. h6 g6 20. Nd2 Rae8 21. Rf4 f6 22. Raf1 Rf7 23. e4 Qf8 24. Rh4 Qe7 25. b3 b6 26. Qe3 Nd7 27. Nf3 Nc5 28. Nd4 Qe5 29. Nf3 Qe7 30. Nd4 Qe5 31. Nf3 Qe7 1/2-1/2

[Event "Olympiad Women-44"]
[Site "Chennai"]
[Date "2022.08.05"]
[Round "7.3"]
[White "Zahedifar, Anahita"]
[Black "Reyes Jara, Paula"]
[Result "1-0"]
[WhiteElo "2160"]
[BlackElo "1858"]
[PlyCount "65"]
[EventDate "2022.07.29"]
[EventType "team-swiss"]
[EventRounds "11"]
[EventCountry "IND"]
[SourceTitle "CBM 210"]
[Source "ChessBase"]
[SourceDate "2022.10.31"]
[SourceVersion "1"]
[SourceVersionDate "2022.10.31"]
[SourceQuality "1"]
[WhiteTeam "Iran (W)"]
[BlackTeam "Chile (W)"]
[WhiteTeamCountry "IRI"]
[BlackTeamCountry "CHI"]

1. d4 Nf6 2. c4 g6 3. h4 Bg7 4. Nc3 d6 5. e4 Nbd7 6. Be2 h5 7. Bg5 c6 8. Qd2 Qc7 9. f3 Nf8 10. Nh3 Bxh3 11. Rxh3 0-0-0 12. 0-0-0 Ne6 13. Be3 Qa5 14. Kb1 Nd7 15. Rc1 Kb8 16. d5 Nec5 17. Bg5 Rhe8 18. dxc6 Ne5 19. Nd5 Nxc6 20. Qxa5 Nxa5 21. Bxe7 Rxe7 22. Nxe7 Na4 23. b4 Rd7 24. Nd5 Nc6 25. Bd1 Nb2 26. f4 Nxd1 27. Rxd1 Nd4 28. f5 Be5 29. fxg6 fxg6 30. Rf1 Rd8 31. Rf7 Rc8 32. Ne7 Rxc4 33. Rf8+ 1-0

[Event "CHI-ch (Women)"]
[Site "Las Condes"]
[Date "2022.02.24"]
[Round "8"]
[White "Rozas Lazcano, Valeska"]
[Black "Reyes Jara, Paula"]
[Result "1/2-1/2"]
[WhiteElo "1456"]
[BlackElo "1880"]
[PlyCount "41"]
[EventDate "2022.02.18"]
[EventType "tourn"]
[EventRounds "11"]
[EventCountry "CHI"]
[SourceTitle "CBM 207 Extra"]
[Source "ChessBase"]
[SourceDate "2022.05.31"]
[SourceVersion "1"]
[SourceVersionDate "2022.05.31"]
[SourceQuality "1"]

1. e4 e5 2. Nf3 Nc6 3. Bc4 Bc5 4. c3 Nf6 5. d3 d6 6. h3 a6 7. b4 Ba7 8. Bb3 h6 9. Be3 Bxe3 10. fxe3 Qe7 11. Nbd2 Bd7 12. Qe2 Nh5 13. Qf2 g5 14. Nh2 Be6 15. Rf1 0-0-0 16. 0-0-0 Qd7 17. Qf3 Ng7 18. Qf6 Nh5 19. Qf3 Ng7 20. Qf6 Nh5 21. Qf3 1/2-1/2

[Event "CHI-ch (Women)"]
[Site "Las Condes"]
[Date "2022.02.21"]
[Round "5"]
[White "Reyes Jara, Paula"]
[Black "Vildosola Canales, Melany Selena"]
[Result "1-0"]
[WhiteElo "1880"]
[BlackElo "1645"]
[PlyCount "83"]
[EventDate "2022.02.18"]
[EventType "tourn"]
[EventRounds "11"]
[EventCountry "CHI"]
[SourceTitle "CBM 207 Extra"]
[Source "ChessBase"]
[SourceDate "2022.05.31"]
[SourceVersion "1"]
[SourceVersionDate "2022.05.31"]
[SourceQuality "1"]

1. e4 c5 2. Nf3 Nc6 3. d4 cxd4 4. Nxd4 Nf6 5. Nc3 e5 6. Ndb5 d6 7. Bg5 a6 8. Na3 b5 9. Bxf6 gxf6 10. Nd5 Bg7 11. c3 Ne7 12. Nc2 f5 13. Nxe7 Qxe7 14. exf5 0-0 15. Ne3 Bb7 16. Qg4 d5 17. Be2 Rfe8 18. 0-0 Kh8 19. Qh5 Rg8 20. Bd3 e4 21. Bc2 Rad8 22. Bb3 Bf8 23. Rad1 Rg5 24. Qh3 Qe5 25. g3 Bg7 26. Rfe1 a5 27. Qf1 Bc6 28. Qe2 Bf6 29. Rd2 d4 30. cxd4 Rxd4 31. Bxf7 Rxd2 32. Qxd2 Rg7 33. Be6 h5 34. Qe2 Rh7 35. Rc1 Bb7 36. b3 Qb2 37. Qxb2 Bxb2 38. Rc5 b4 39. Nc4 Bd4 40. Rxa5 Bc3 41. Nd6 h4 42. Nxb7 1-0

[Event "Online Olym Div2 E"]
[Site "Chess.com INT"]
[Date "2021.09.02"]
[Round "2.3"]
[White "Monroy Garzon, Nataly Alejandra"]
[Black "Reyes Jara, Paula"]
[Result "0-1"]
[WhiteElo "1957"]
[BlackElo "1871"]
[PlyCount "118"]
[EventDate "2021.09.02"]
[EventType "team (rapid)"]
[EventRounds "9"]
[EventCountry "USA"]
[SourceTitle "CBM 204 Extra"]
[Source "ChessBase"]
[SourceDate "2021.11.30"]
[SourceVersion "1"]
[SourceVersionDate "2021.11.30"]
[SourceQuality "1"]
[WhiteTeam "Bolivia"]
[BlackTeam "Chile"]
[WhiteTeamCountry "BOL"]
[BlackTeamCountry "CHI"]

1. d4 Nf6 2. Nf3 g6 3. c4 Bg7 4. Nc3 c5 5. d5 d6 6. e4 e6 7. h3 exd5 8. cxd5 0-0 9. Bd3 Re8 10. 0-0 a6 11. a4 Nbd7 12. Bf4 Qc7 13. Bc2 Rb8 14. Re1 Nh5 15. Bh2 Ne5 16. g4 Nxf3+ 17. Qxf3 Nf6 18. Rad1 b5 19. axb5 axb5 20. e5 dxe5 21. d6 Qd7 22. Bxe5 Bb7 23. Qf4 Qc6 24. Qh2 Nxg4 25. hxg4 Bxe5 26. Rxe5 Rxe5 27. d7 Rd8 28. f4 Re3 29. Nd5 Qe6 30. Nxe3 Qxe3+ 31. Kf1 Qf3+ 32. Qf2 Qxg4 33. f5 c4 34. Rd4 Qg5 35. fxg6 hxg6 36. Qg1 Qf6+ 37. Qf2 Qxf2+ 38. Kxf2 Bc6 39. Bd1 Kf8 40. Bg4 f5 41. Bf3 Rxd7 42. Rh4 Bxf3 43. Kxf3 Rd2 44. b3 c3 45. Ke3 Rb2 46. Rb4 Kf7 47. Rxb5 Kf6 48. Kd3 c2 49. Kd2 g5 50. Kc1 Ra2 51. Rc5 g4 52. b4 g3 53. Rc6+ Kg5 54. Rc8 Ra4 55. Rg8+ Kf4 56. b5 Rb4 57. Kxc2 Rxb5 58. Kd2 Re5 59. Kd3 Kf3 0-1

[Event "Online Olym Div2 D"]
[Site "Chess.com INT"]
[Date "2020.08.16"]
[Round "8.4"]
[White "Mazariegos, Silvia Carolina"]
[Black "Reyes Jara, Paula"]
[Result "1/2-1/2"]
[WhiteElo "1933"]
[BlackElo "1871"]
[PlyCount "81"]
[EventDate "2020.08.14"]
[EventType "team-tourn (rapid)"]
[EventRounds "9"]
[EventCountry "USA"]
[SourceTitle "CBM 198"]
[Source "ChessBase"]
[SourceDate "2020.10.31"]
[SourceVersion "1"]
[SourceVersionDate "2020.10.31"]
[SourceQuality "1"]
[WhiteTeam "Guatemala"]
[BlackTeam "Chile"]
[WhiteTeamCountry "GUA"]
[BlackTeamCountry "CHI"]

1. d4 Nf6 2. e3 g6 3. Bd3 Bg7 4. Nd2 0-0 5. f4 d6 6. h3 e5 7. c3 Nd5 8. Qf3 c6 9. Ne2 exf4 10. Nxf4 Nxf4 11. Qxf4 d5 12. 0-0 Qe7 13. e4 dxe4 14. Nxe4 Bf5 15. Bd2 Bxe4 16. Bxe4 Nd7 17. Rae1 Qd8 18. Qf2 Nb6 19. Bc2 a5 20. g4 a4 21. h4 Nc4 22. Bc1 Qd7 23. Qf3 b5 24. g5 b4 25. h5 bxc3 26. bxc3 Nd6 27. Kg2 Nb5 28. Re2 Qd5 29. Be4 Qc4 30. Bxc6 Nxc3 31. Bxa8 Nxe2 32. Bd5 Qc2 33. Rf2 Qxc1 34. Bxf7+ Kh8 35. Rxe2 Qxg5+ 36. Kf1 Bxd4 37. Re1 Qb5+ 38. Kg2 Qg5+ 39. Kf1 Qb5+ 40. Kg2 Qg5+ 41. Kf1 1/2-1/2

[Event "Online Olym Div3 D"]
[Site "Chess.com INT"]
[Date "2020.08.08"]
[Round "5.1"]
[White "Ayed, Ranim"]
[Black "Reyes Jara, Paula"]
[Result "0-1"]
[WhiteElo "1406"]
[BlackElo "1871"]
[PlyCount "44"]
[EventDate "2020.08.07"]
[EventType "team-tourn (rapid)"]
[EventRounds "9"]
[EventCountry "USA"]
[SourceTitle "CBM 198"]
[Source "ChessBase"]
[SourceDate "2020.10.31"]
[SourceVersion "1"]
[SourceVersionDate "2020.10.31"]
[SourceQuality "1"]
[WhiteTeam "Tunisia"]
[BlackTeam "Chile"]
[WhiteTeamCountry "TUN"]
[BlackTeamCountry "CHI"]

1. Nf3 Nf6 2. g3 g6 3. Bg2 Bg7 4. 0-0 0-0 5. d3 d5 6. Nbd2 d4 7. e4 dxe3 8. fxe3 Nd5 9. Nc4 c5 10. e4 Nb6 11. Nfd2 Be6 12. Ne3 Nc6 13. Nb3 Qd6 14. Nd2 Rad8 15. Kh1 Qc7 16. Nb3 Nb4 17. Qe2 Na4 18. a3 Nc6 19. c3 Bxb3 20. d4 cxd4 21. cxd4 Nxd4 22. Qd3 Be6 0-1

[Event "Speed Chess (Women) Q1"]
[Site "Chess.com INT"]
[Date "2020.06.18"]
[Round "7"]
[White "Mendoza, Beverly"]
[Black "Reyes Jara, Paula"]
[Result "1-0"]
[WhiteElo "1945"]
[BlackElo "1871"]
[PlyCount "43"]
[EventDate "2020.06.18"]
[EventType "swiss (blitz)"]
[EventRounds "9"]
[EventCountry "USA"]
[SourceTitle "CBM 196 Extra"]
[Source "ChessBase"]
[SourceDate "2020.07.31"]
[SourceVersion "1"]
[SourceVersionDate "2020.07.31"]
[SourceQuality "1"]

1. d4 Nf6 2. Nf3 g6 3. Nc3 Bg7 4. Bf4 0-0 5. Qd2 d6 6. Bh6 Nc6 7. h4 Bg4 8. 0-0-0 a5 9. Nh2 Bf5 10. h5 Nb4 11. hxg6 fxg6 12. e4 Nxe4 13. Nxe4 Bxe4 14. Nf3 Bxf3 15. gxf3 Rf7 16. Bh3 Rxf3 17. Be6+ Kf8 18. Bxg7+ Kxg7 19. Qh6+ Kf6 20. Rde1 Qh8 21. Qh4+ Kg7 22. Qxe7+ 1-0

[Event "CHI-ch (Women)"]
[Site "Santiago de Chile"]
[Date "2020.02.12"]
[Round "2"]
[White "Fuentes Inzunza, Lesly"]
[Black "Reyes Jara, Paula"]
[Result "0-1"]
[WhiteElo "1851"]
[BlackElo "1860"]
[PlyCount "94"]
[EventDate "2020.02.11"]
[EventType "tourn"]
[EventRounds "9"]
[EventCountry "CHI"]
[SourceTitle "CBM 195 Extra"]
[Source "ChessBase"]
[SourceDate "2020.05.31"]
[SourceVersion "1"]
[SourceVersionDate "2020.05.31"]
[SourceQuality "1"]

1. d4 Nf6 2. Nf3 d5 3. g3 e6 4. Bg2 c5 5. e3 Nc6 6. 0-0 Bd6 7. b3 0-0 8. Bb2 b6 9. Nbd2 Bb7 10. Ne5 Nd7 11. Nxc6 Bxc6 12. c4 Rc8 13. Rc1 Qg5 14. e4 cxd4 15. f4 Qg6 16. exd5 exd5 17. cxd5 Bb5 18. Nc4 d3 19. f5 Bc5+ 20. Kh1 Qh6 21. Qxd3 Rfe8 22. Rce1 Nf6 23. Rxe8+ Rxe8 24. Bxf6 Qxf6 25. Qc2 Qd4 26. Rd1 Qg4 27. a4 Re2 28. Qd3 Bxc4 29. bxc4 Re3 30. Qf1 Bd6 31. Rc1 Qh5 32. Kg1 Bc5 33. Kh1 Rxg3 34. Re1 f6 35. Re8+ Qxe8 36. hxg3 Qxa4 37. Qe2 Qa1+ 38. Kh2 Qg1+ 39. Kh3 Qe3 40. Qxe3 Bxe3 41. d6 Kf8 42. Bc6 Bc5 43. d7 Ke7 44. Kg4 Bd6 45. Kf3 Bc7 46. g4 Kd6 47. Ke4 Kxc6 0-1

[Event "CHI-ch sf"]
[Site "Quilpue"]
[Date "2020.01.31"]
[Round "4"]
[White "Caceres Vasquez, Sergio"]
[Black "Reyes Jara, Paula"]
[Result "1-0"]
[WhiteElo "2089"]
[BlackElo "1915"]
[PlyCount "51"]
[EventDate "2020.01.30"]
[EventType "swiss"]
[EventRounds "8"]
[EventCountry "CHI"]
[SourceTitle "CBM 194 Extra"]
[Source "ChessBase"]
[SourceDate "2020.03.31"]
[SourceVersion "1"]
[SourceVersionDate "2020.03.31"]
[SourceQuality "1"]

1. d4 Nf6 2. c4 d5 3. cxd5 Nxd5 4. Nf3 e6 5. e4 Bb4+ 6. Bd2 Bxd2+ 7. Qxd2 Nf6 8. Nc3 0-0 9. Bd3 Nc6 10. e5 Nd5 11. 0-0 h6 12. Rad1 b6 13. Bb1 Bb7 14. Qc2 f5 15. exf6 Nxf6 16. Ne4 Qd5 17. Nxf6+ Rxf6 18. Qh7+ Kf7 19. Be4 Qd6 20. Ne5+ Ke8 21. Qxg7 Rf4 22. Bxc6+ Bxc6 23. Nxc6 Qxc6 24. d5 Qc2 25. dxe6 Rxf2 26. Qd7+ 1-0

[Event "Montevideo zt 2.5 (Women)"]
[Site "Montevideo"]
[Date "2019.04.14"]
[Round "3"]
[White "Reyes Jara, Paula"]
[Black "Meza, Anahi Silvina"]
[Result "0-1"]
[WhiteElo "1926"]
[BlackElo "2073"]
[PlyCount "50"]
[EventDate "2019.04.13"]
[EventType "swiss"]
[EventRounds "9"]
[EventCountry "URU"]
[SourceTitle "CBM 189 Extra"]
[Source "ChessBase"]
[SourceDate "2019.06.03"]
[SourceVersion "1"]
[SourceVersionDate "2019.06.03"]
[SourceQuality "1"]

1. e4 c5 2. Nf3 e6 3. d4 cxd4 4. Nxd4 a6 5. Nc3 b5 6. a3 Qc7 7. Be2 Bb7 8. Bf3 Nc6 9. Nxc6 Bxc6 10. 0-0 Bd6 11. h3 Ne7 12. Ne2 Ng6 13. g3 h5 14. Nd4 Bb7 15. Bxh5 Bxg3 16. Qg4 Bh2+ 17. Kh1 Ne5 18. Qe2 g6 19. Bg4 f5 20. f4 Nxg4 21. hxg4 Bxe4+ 22. Nf3 Bxf4+ 23. Kg1 Bxc1 24. Raxc1 Qg3+ 25. Qg2 Qxg2+ 0-1

[Event "CHI-ch (Women)"]
[Site "Las Condes"]
[Date "2019.02.14"]
[Round "5"]
[White "Reyes Jara, Paula"]
[Black "Gomez Barrera, Javiera Belen"]
[Result "1-0"]
[WhiteElo "1955"]
[BlackElo "1990"]
[PlyCount "59"]
[EventDate "2019.02.12"]
[EventType "swiss"]
[EventRounds "9"]
[EventCountry "CHI"]
[SourceTitle "CBM 188 Extra"]
[Source "ChessBase"]
[SourceDate "2019.02.26"]
[SourceVersion "1"]
[SourceVersionDate "2019.02.26"]
[SourceQuality "1"]

1. e4 e5 2. Nf3 Nc6 3. Bc4 Bc5 4. c3 Nf6 5. d3 d6 6. 0-0 a6 7. h3 Ba7 8. Bb3 0-0 9. Bg5 h6 10. Be3 Re8 11. Nbd2 d5 12. Bxa7 Rxa7 13. Qe2 Be6 14. Rad1 Ra8 15. Nh2 Ne7 16. f4 exf4 17. e5 Nd7 18. d4 Ng6 19. Bc2 Ndf8 20. Ndf3 Qc8 21. Ne1 Bf5 22. Nd3 Ne6 23. Qh5 Be4 24. Ng4 c5 25. Bb1 cxd4 26. cxd4 Nxd4 27. Nxf4 Nxf4 28. Nxh6+ Kh7 29. Rxf4 Bg6 30. Nxf7+ 1-0

[Event "CHI-ch (Women)"]
[Site "Las Condes"]
[Date "2019.02.13"]
[Round "3"]
[White "Reyes Jara, Paula"]
[Black "Manriquez Abarzua, Maria Belen"]
[Result "1/2-1/2"]
[WhiteElo "1955"]
[BlackElo "1650"]
[PlyCount "40"]
[EventDate "2019.02.12"]
[EventType "swiss"]
[EventRounds "9"]
[EventCountry "CHI"]
[SourceTitle "CBM 188 Extra"]
[Source "ChessBase"]
[SourceDate "2019.02.26"]
[SourceVersion "1"]
[SourceVersionDate "2019.02.26"]
[SourceQuality "1"]

1. d4 d5 2. c4 c6 3. Nc3 Nf6 4. e3 e6 5. Nf3 Nbd7 6. cxd5 exd5 7. Bd3 Bd6 8. 0-0 0-0 9. e4 dxe4 10. Nxe4 Nxe4 11. Bxe4 Nf6 12. Bc2 h6 13. Qd3 Re8 14. Bd2 Qc7 15. g3 Bg4 16. Rfe1 Rxe1+ 17. Rxe1 Rd8 18. Nh4 Qd7 19. d5 Bf8 20. Re5 Qc7 1/2-1/2

[Event "CHI-ch sf"]
[Site "Santiago de Chile"]
[Date "2018.12.07"]
[Round "2.13"]
[White "San Martin Basualto, Epiro"]
[Black "Reyes Jara, Paula"]
[Result "0-1"]
[WhiteElo "2082"]
[BlackElo "1932"]
[PlyCount "94"]
[EventDate "2018.12.07"]
[EventType "swiss"]
[EventRounds "8"]
[EventCountry "CHI"]
[SourceTitle "EXT 2024"]
[Source "ChessBase"]
[SourceDate "2023.10.10"]
[SourceVersion "1"]
[SourceVersionDate "2023.10.10"]
[SourceQuality "1"]

1. d4 Nf6 2. c4 g6 3. Nc3 Bg7 4. e4 d6 5. f3 0-0 6. Bg5 Nc6 7. Nge2 e5 8. d5 Ne7 9. Qd2 c6 10. g4 Ne8 11. Ng3 cxd5 12. cxd5 f6 13. Bh6 f5 14. gxf5 gxf5 15. Nh5 Ng6 16. Bg5 Qa5 17. Nxg7 Nxg7 18. 0-0-0 fxe4 19. fxe4 Bg4 20. Be2 Rf2 21. Bxg4 Rxd2 22. Rxd2 b5 23. Kb1 Rf8 24. Rg2 b4 25. Nd1 Qc5 26. Re1 Nf4 27. Be6+ Kh8 28. Bxf4 exf4 29. Bg4 h5 30. Bh3 Qd4 31. Rc2 Ne8 32. Nf2 Nf6 33. Bf5 a5 34. Rd1 Qe3 35. Rd3 Qb6 36. Nh3 Qb5 37. Nxf4 Rg8 38. Rd1 b3 39. axb3 Qxb3 40. Ng6+ Kg7 41. Rg1 Kh6 42. Rg3 Qb4 43. Re2 Qd4 44. Re1 Rb8 45. Rg2 Qd3+ 46. Ka1 Rb4 47. b3 Qc3+ 0-1

[Event "Santa Rosa Region (Women)"]
[Site "Santa Rosa"]
[Date "2018.07.15"]
[Round "5.4"]
[White "Pinilla Delgado, Sofia Ignacia"]
[Black "Reyes Jara, Paula"]
[Result "1/2-1/2"]
[WhiteElo "1687"]
[BlackElo "1969"]
[PlyCount "79"]
[EventDate "2018.07.14"]
[EventType "swiss"]
[EventRounds "6"]
[EventCountry "CHI"]
[SourceTitle "EXT 2024"]
[Source "ChessBase"]
[SourceDate "2023.10.10"]
[SourceVersion "1"]
[SourceVersionDate "2023.10.10"]
[SourceQuality "1"]

1. d4 Nf6 2. c4 g6 3. Nc3 Bg7 4. Nf3 0-0 5. Bg5 d6 6. e3 c5 7. Be2 Nc6 8. 0-0 Bg4 9. Qd2 cxd4 10. exd4 Rc8 11. Rad1 Qa5 12. Be3 Nd7 13. h3 Bxf3 14. Bxf3 Nb6 15. b3 Rfd8 16. Nd5 Qxd2 17. Rxd2 Nxd5 18. Bxd5 e6 19. Bf3 a6 20. Rc1 Rd7 21. Kf1 Ne7 22. Rcc2 Nf5 23. Ke2 Rdc7 24. Be4 b5 25. cxb5 axb5 26. Bxf5 gxf5 27. Kd3 Kf8 28. Rxc7 Rxc7 29. Rc2 Rxc2 30. Kxc2 Ke7 31. Kc3 Kd7 32. Kb4 Kc6 33. f3 d5 34. Kc3 Bf8 35. Bg5 Bd6 36. Bf6 Bg3 37. Kd3 Kb6 38. Ke3 h5 39. Kd3 Ka5 40. Bd8+ 1/2-1/2

[Event "Santa Rosa Region (Women)"]
[Site "Santa Rosa"]
[Date "2018.07.14"]
[Round "3.5"]
[White "Hidalgo Martinez, Camila"]
[Black "Reyes Jara, Paula"]
[Result "0-1"]
[WhiteElo "1065"]
[BlackElo "1969"]
[PlyCount "83"]
[EventDate "2018.07.14"]
[EventType "swiss"]
[EventRounds "6"]
[EventCountry "CHI"]
[SourceTitle "EXT 2024"]
[Source "ChessBase"]
[SourceDate "2023.10.10"]
[SourceVersion "1"]
[SourceVersionDate "2023.10.10"]
[SourceQuality "1"]

1. e4 e5 2. Nf3 Nc6 3. Bc4 Be7 4. c3 d6 5. h3 Nf6 6. d3 0-0 7. 0-0 d5 8. exd5 Nxd5 9. Re1 Bf6 10. b4 a6 11. Bb2 Nf4 12. Ba3 b5 13. Bb3 Nxd3 14. Bc2 Nxe1 15. Nxe1 Qxd1 16. Bxd1 Ne7 17. Bf3 c6 18. Nd2 Bf5 19. c4 e4 20. Rc1 exf3 21. g3 Be6 22. cxb5 axb5 23. Nb1 Bxa2 24. Nc2 Rfd8 25. Re1 Bxb1 26. Rxb1 Rd2 27. Rc1 Rxc2 28. Rxc2 Rxa3 29. Rc1 Ra1 30. Rf1 Be5 31. Rxa1 Bxa1 32. Kf1 Bc3 33. h4 Bxb4 34. g4 c5 35. Kg1 c4 36. h5 c3 37. h6 c2 38. hxg7 c1Q+ 39. Kh2 Bd6+ 40. Kh3 Qc8 41. Kh4 Ng6+ 42. Kh5 0-1

[Event "Santa Rosa Region (Women)"]
[Site "Santa Rosa"]
[Date "2018.07.14"]
[Round "2.1"]
[White "Reyes Jara, Paula"]
[Black "Manriquez Abarzua, Maria Belen"]
[Result "0-1"]
[WhiteElo "1969"]
[BlackElo "1570"]
[PlyCount "68"]
[EventDate "2018.07.14"]
[EventType "swiss"]
[EventRounds "6"]
[EventCountry "CHI"]
[SourceTitle "EXT 2024"]
[Source "ChessBase"]
[SourceDate "2023.10.10"]
[SourceVersion "1"]
[SourceVersionDate "2023.10.10"]
[SourceQuality "1"]

1. d4 Nf6 2. Bg5 d5 3. Nf3 e6 4. c4 c6 5. Nc3 Bb4 6. e3 Qa5 7. Qc2 Ne4 8. Rc1 Qxa2 9. Bf4 Nd7 10. cxd5 exd5 11. Bd3 Nxc3 12. bxc3 Qxc2 13. Rxc2 Be7 14. 0-0 h6 15. Ra1 Nf6 16. Nd2 0-0 17. e4 dxe4 18. Nxe4 Nd5 19. Bd2 b6 20. Rca2 a5 21. Rb2 Be6 22. Ng3 Rfb8 23. Be4 Rc8 24. Bxd5 Bxd5 25. Rxb6 a4 26. Nf5 Bd8 27. Rb4 Bb3 28. Bf4 Ba5 29. Rb7 Bxc3 30. Ne7+ Kh8 31. Rc1 Bb2 32. Rb1 a3 33. Rxb3 a2 34. R1xb2 a1Q+ 0-1

[Event "Santa Rosa Region (Women)"]
[Site "Santa Rosa"]
[Date "2018.07.14"]
[Round "1.1"]
[White "Wilson Barria, Millaray"]
[Black "Reyes Jara, Paula"]
[Result "0-1"]
[WhiteElo "1355"]
[BlackElo "1969"]
[PlyCount "82"]
[EventDate "2018.07.14"]
[EventType "swiss"]
[EventRounds "6"]
[EventCountry "CHI"]
[SourceTitle "EXT 2024"]
[Source "ChessBase"]
[SourceDate "2023.10.10"]
[SourceVersion "1"]
[SourceVersionDate "2023.10.10"]
[SourceQuality "1"]

1. e4 e5 2. Nf3 Nc6 3. Bc4 Be7 4. Nc3 d6 5. h3 Nf6 6. d3 0-0 7. Be3 Na5 8. Bb3 Nxb3 9. axb3 b6 10. 0-0 Bb7 11. Qe2 Nd7 12. Nh2 Bg5 13. f4 exf4 14. Bxf4 Bxf4 15. Rxf4 Ne5 16. Nb5 a6 17. Nd4 g6 18. Rf2 Qd7 19. Qe3 Rae8 20. Rf6 d5 21. c3 dxe4 22. dxe4 Qe7 23. Rff1 Nd7 24. Rae1 c5 25. Nf5 Qxe4 26. Nh6+ Kg7 27. Qxe4 Rxe4 28. Rxe4 Bxe4 29. Rd1 Nf6 30. N6g4 Nxg4 31. Nxg4 Bc2 32. Rd6 Rb8 33. Nf6 Bxb3 34. Nd7 Rd8 35. Rxb6 Rxd7 36. Rxb3 Rd6 37. Kf2 Kf6 38. Ke3 Ke6 39. Ra3 Kd5 40. Ra4 Rb6 41. c4+ Ke5 0-1

[Event "Olympiad Women-41"]
[Site "Tromsoe"]
[Date "2014.08.05"]
[Round "4.3"]
[White "Reyes Jara, Paula"]
[Black "Ui Laighleis, Gearoidin"]
[Result "1-0"]
[WhiteElo "2041"]
[BlackElo "1830"]
[PlyCount "105"]
[EventDate "2014.08.02"]
[EventType "team-swiss"]
[EventRounds "11"]
[EventCountry "NOR"]
[SourceTitle "CBM 162"]
[Source "ChessBase"]
[SourceDate "2014.09.17"]
[SourceVersion "1"]
[SourceVersionDate "2014.09.17"]
[SourceQuality "1"]
[WhiteTeam "Chile (W)"]
[BlackTeam "Ireland (W)"]
[WhiteTeamCountry "CHI"]
[BlackTeamCountry "IRL"]

1. e4 e6 2. d4 d5 3. exd5 exd5 4. c4 Nf6 5. Nc3 c6 6. Bd3 Be7 7. Nf3 0-0 8. 0-0 Re8 9. Re1 Be6 10. Ng5 Bd6 11. Nxe6 Rxe6 12. Rxe6 fxe6 13. Qe2 Qe7 14. Bg5 Nbd7 15. Re1 Re8 16. Qf3 Qf7 17. h3 h6 18. Bh4 Kf8 19. Bg3 Be7 20. Qe2 Bd8 21. Qc2 Kg8 22. Bg6 Qf8 23. Bxe8 Qxe8 24. cxd5 cxd5 25. Qe2 Kf7 26. Nb5 Kg8 27. Qxe6+ Qxe6 28. Rxe6 a6 29. Nc3 Bb6 30. Be5 Kf7 31. Bxf6 Kxe6 32. Bxg7 h5 33. g4 hxg4 34. hxg4 Bd8 35. Kg2 Bg5 36. Ne2 Nb8 37. f4 Be7 38. f5+ Kf7 39. Be5 Nd7 40. Nf4 Bf6 41. Bxf6 Kxf6 42. Nxd5+ Kg5 43. Kf3 Nf8 44. Nf4 Nd7 45. Ne6+ Kf6 46. Nc5 Nb6 47. Nxb7 Na4 48. Nc5 Nxb2 49. Nxa6 Nc4 50. Nc5 Nd2+ 51. Kf4 Nc4 52. g5+ Kf7 53. a4 1-0

[Event "Santiago de Chile Nunoa CC IRT 1"]
[Site "Santiago de Chile"]
[Date "2012.07.13"]
[Round "4"]
[White "Reyes Jara, Paula"]
[Black "Larrain Cortes, Cristian"]
[Result "1/2-1/2"]
[WhiteElo "2115"]
[BlackElo "2079"]
[PlyCount "52"]
[EventDate "2012.07.03"]
[EventType "tourn"]
[EventRounds "7"]
[EventCountry "CHI"]
[SourceTitle "EXT 2013"]
[Source "ChessBase"]
[SourceDate "2012.11.22"]
[SourceVersion "1"]
[SourceVersionDate "2012.11.22"]
[SourceQuality "1"]

1. e4 e5 2. Nf3 Nc6 3. Bc4 Nf6 4. d3 d5 5. exd5 Nxd5 6. 0-0 Bc5 7. c3 Nb6 8. Bb5 0-0 9. Bxc6 bxc6 10. Nxe5 Qh4 11. Nd2 Bd6 12. Ndf3 Qh5 13. Nxc6 Bb7 14. Nfe5 Qxd1 15. Rxd1 a5 16. b4 axb4 17. cxb4 f6 18. Na5 fxe5 19. Nxb7 Bxb4 20. Be3 Nd5 21. Bc5 Rfb8 22. Bxb4 Nxb4 23. Nc5 Nc2 24. Rac1 Rxa2 25. Nd7 Rbb2 26. Nxe5 Ne3 1/2-1/2

[Event "Santiago de Chile Nunoa CC IRT 1"]
[Site "Santiago de Chile"]
[Date "2012.07.06"]
[Round "2"]
[White "Reyes Jara, Paula"]
[Black "Martinez Sandoval, David"]
[Result "0-1"]
[WhiteElo "2115"]
[BlackElo "2091"]
[PlyCount "52"]
[EventDate "2012.07.03"]
[EventType "tourn"]
[EventRounds "7"]
[EventCountry "CHI"]
[SourceTitle "EXT 2013"]
[Source "ChessBase"]
[SourceDate "2012.11.22"]
[SourceVersion "1"]
[SourceVersionDate "2012.11.22"]
[SourceQuality "1"]

1. e4 c5 2. Nf3 Nc6 3. d4 cxd4 4. Nxd4 g6 5. Be3 Bg7 6. Nc3 Nf6 7. f4 d5 8. Bb5 0-0 9. Nxc6 bxc6 10. Bxc6 Rb8 11. exd5 Rxb2 12. 0-0 Ng4 13. Bd4 e5 14. fxe5 Qh4 15. h3 Nxe5 16. Bf2 Qc4 17. Ne2 Nxc6 18. dxc6 Rxc2 19. Rc1 Rxc1 20. Nxc1 Ba6 21. Bxa7 Qxf1+ 22. Qxf1 Bxf1 23. Kxf1 Rc8 24. Be3 Rxc6 25. Ke2 Re6 26. Kd2 Rxe3 0-1